| 000 | 00000nam 2200000zi 4500 |
| 001 | 9.954835 |
| 003 | CaOODSP |
| 005 | 20250904143654 |
| 006 | m o d f |
| 007 | cr cn||||||||| |
| 008 | 250904e20241021onc ob f000 0 eng d |
| 040 | |aCaOODSP|beng|erda|cCaOODSP |
| 043 | |an-cn--- |
| 086 | 1 |aRv55-8/11-11-3-2024E-PDF |
| 245 | 00|aAdvance rulings for tariff classification. |
| 250 | |a[October 21, 2024 edition]. |
| 264 | 1|aOttawa : |bCanada Border Services Agency = Agence des services frontaliers du Canada, |cOctober 21, 2024. |
| 300 | |a1 online resource (14 unnumbered pages). |
| 336 | |atext|btxt|2rdacontent |
| 337 | |acomputer|bc|2rdamedia |
| 338 | |aonline resource|bcr|2rdacarrier |
| 490 | 1 |aMemorandum, |x2369-2391 ; |vD11-11-3 |
| 500 | |aCaption title. |
| 500 | |aIssued also in French under title: Décisions anticipées en matière de classement tarifaire. |
| 500 | |a"Superseded D memoranda D11-11-3, dated November 1, 2023." |
| 504 | |aIncludes bibliographical references. |
| 520 | |a"This memorandum outlines the Canada Border Services Agency (CBSA)'s program for issuing advance rulings for tariff classification under paragraph 43.1(1)(c) of the Customs Act (the Act)"--Page [1]. |
| 650 | 0|aTariff |vTerminology and classification. |
| 650 | 0|aImports|xLaw and legislation|zCanada. |
| 710 | 2 |aCanada Border Services Agency, |eissuing body. |
| 775 | 08|tDécisions anticipées en matière de classement tarifaire.|w(CaOODSP)9.954836 |
| 795 | |tAdvance rulings for tariff classification.|b[November 1, 2023 edition]|w(CaOODSP)9.937114 |
| 830 | #0|aMemorandum (Canada Border Services Agency)|x2369-2391 ; |vD11-11-3.|w(CaOODSP)9.816825 |
| 856 | 40|qPDF|s388 KB|uhttps://publications.gc.ca/collections/collection_2025/asfc-cbsa/Rv55-8-11-11-3-2024-eng.pdf |
| 856 | 4 |qHTML|sN/A|uhttps://www.cbsa-asfc.gc.ca/publications/dm-md/d11/d11-11-3-eng.html |